Normal view MARC view

Entry Topical Term

Number of records used in: 1

001 - CONTROL NUMBER

  • control field: 16997

003 - CONTROL NUMBER IDENTIFIER

  • control field: dpl

005 - DATE AND TIME OF LATEST TRANSACTION

  • control field: 20100826105205.0

008 - FIXED-LENGTH DATA ELEMENTS

  • fixed length control field: 100826|||a|||||| | ||| d

040 ## - CATALOGING SOURCE

  • Original cataloging agency: dpl
  • Transcribing agency: dpl

150 ## - HEADING--TOPICAL TERM

  • Topical term or geographic name as entry element: Economic Law

670 ## - SOURCE DATA FOUND

  • Source citation: Work cat.: (dpl)42833: Satija, Kalpana 16996, Textbook on economics for law students /, 2009

670 ## - SOURCE DATA FOUND

  • Source citation: Work cat.: (dpl)42833: Satija, Kalpana 16996, Textbook on economics for law students /, 2009

© Delhi Public Library
Hit Counter
free hit counter